000
00295nam a22001337a 4500
008
170502b xxu||||| |||| 00| 0 eng d
020
_a
2901599412558
041
_a
eng
080
_2
7TH
_a
34
100
_a
14
101
_a
SHJ
245
_a
STUDIES IN CONTRACT LAW
_c
AYRES, I
942
_2
udc
_c
BK
999
_c
12425
_d
12425